000 00387nam a22001457a 4500
005 20150422094452.0
008 150422b xxu||||| |||| 00| 0 eng d
040 _cPK-LaUMT
082 _aKHC 891.4393
_bQUR-A
100 _aقرۃ العین حیدر
245 _aآخر شب کے ہمسفر
_cقرۃ العین حیدر
260 _a[ ]
_b[ ]
_c[N.D]
300 _a394 ص
942 _cBK
999 _c70144
_d70144